Charaktere in Filmen #02 - Statistiken

Allgemein
  • Dieses Quiz wurde 245 mal gespielt
  • Das Durchschnittsergebnis liegt bei 11 aus 25
Antwortstatistiken
Hint Antwort % Korrekt
Elsa von Arendelle Die Eiskönigin – Völlig unverfroren
83%
Natasha Romanoff Black Widow
77%
Pete „Maverick“ Mitchell Top Gun
77%
Elizabeth Swann Fluch der Karibik
75%
Harleen Quinzel The Suicide Squad
71%
Hans Scholl Sophie Scholl – Die letzten Tage
65%
Judy Hopps Zoomania
63%
Mark Watney Der Marsianer
44%
Hikaru Sulu Star Trek
42%
Edmond Dantès Der Graf von Monte Christo
39%
Sam Witwicky Transformers
39%
Peter Venkman Ghostbusters
38%
Biff Tannen Zurück in die Zukunft
38%
Brian May Bohemian Rhapsody
37%
Susan Pevensie Die Chroniken von Narnia
35%
Diana Prince Wonder Woman
33%
Connor MacLeod Highlander
30%
Solomon Northup 12 Years a Slave
29%
Alexander Kerner Good Bye, Lenin!
29%
Gordon Gecko Wallstreet
27%
Clark W. Griswold Die schrillen Vier auf Achse
26%
Murphy Cooper Interstellar
26%
Arthur Curry Aquaman
25%
Traudl Junge Der Untergang
22%
James Darrell Edwards III. Men in Black
13%
Keine übereinstimmenden Quizze gefunden
Verteilung der Resultate
Anzahl Personen mit jedem Resultat
Perzentil nach korrekt beantworteten Fragen
Ihre Resultats-Entwicklung
Sie haben dieses Quiz noch nicht gespielt